[Event "Dos Hermanas op 4th"]
[Site "Dos Hermanas"]
[Date "2004.03.30"]
[Round "6"]
[White "Villavicencio Martinez, Adalberto"]
[Black "Hidalgo Begines, Pablo"]
[Result "1-0"]
[WhiteElo "2331"]
[BlackElo "2102"]
[PlyCount "68"]
[EventDate "2004.03.25"]
[EventType "swiss"]
[EventRounds "9"]
[EventCountry "ESP"]
[SourceTitle "CBM 099 Extra"]
[Source "ChessBase"]
[SourceDate "2004.05.04"]
[SourceVersion "1"]
[SourceVersionDate "2004.05.04"]
[SourceQuality "1"]

1. d4 d5 2. c4 e6 3. Nf3 Nf6 4. Nc3 c6 5. e3 Nbd7 6. Bd3 dxc4 7. Bxc4 b5 8. Bd3 a6 9. e4 Bb7 10. e5 Nd5 11. Nxd5 cxd5 12. 0-0 Be7 13. Bd2 0-0 14. Qe1 Bc6 15. Rc1 Qb6 16. Ba5 Qb7 17. Bb4 Bxb4 18. Qxb4 Rfc8 19. Rc2 Nf8 20. Rfc1 Be8 21. Nd2 Rxc2 22. Rxc2 Rc8 23. Nb3 Rxc2 24. Bxc2 Qc7 25. Qc5 Qd8 26. Qa7 h5 27. Qxa6 h4 28. Qa5 Qg5 29. Qd2 Qe7 30. h3 Bc6 31. Bd3 b4 32. Nc5 Qa7 33. Na6 b3 34. axb3 Qxd4 1-0

[Event "Dos Hermanas op 4th"]
[Site "Dos Hermanas"]
[Date "2004.03.28"]
[Round "4"]
[White "Tissir, Mohamed"]
[Black "Hidalgo Begines, Pablo"]
[Result "1-0"]
[WhiteElo "2436"]
[BlackElo "2102"]
[PlyCount "51"]
[EventDate "2004.03.25"]
[EventType "swiss"]
[EventRounds "9"]
[EventCountry "ESP"]
[SourceTitle "CBM 099 Extra"]
[Source "ChessBase"]
[SourceDate "2004.05.04"]
[SourceVersion "1"]
[SourceVersionDate "2004.05.04"]
[SourceQuality "1"]

1. e4 d6 2. d4 Nf6 3. Nc3 g6 4. Be3 Bg7 5. Nf3 Nc6 6. h3 0-0 7. Qd2 e5 8. 0-0-0 a6 9. dxe5 dxe5 10. Qxd8 Rxd8 11. Rxd8+ Nxd8 12. Nxe5 Nxe4 13. Nxe4 Bxe5 14. f4 Bg7 15. g4 f5 16. Ng5 Bf6 17. Bd3 h6 18. gxf5 Bxf5 19. Ne4 Bg7 20. Bc4+ Be6 21. Bd3 Bf5 22. Rg1 Kf7 23. Rd1 Ne6 24. Bc4 Bxe4 25. Rd7+ Kf6 26. Bd4+ 1-0